000 00725nam a22002057a 4500
008 111011t xxu||||| |||| 00| 0 eng d
020 _a978-2-7081-3093-7
040 _aBUAC
_cCDIRSP
041 _aFr
100 _aMINTZBERG, Henry
_919549
245 _aLe Management
_b : voyage au centre des organisations
_c / Henry MINTZBERG, Jean- Michel BEBAR, Nathalie TREMBLAY
250 _a2 è Ed.
_bRevue et corrigée
260 _aParis :
_bEYROLLES,
_c2004
300 _a703 p.
440 _a(Editions d'Organisation)
_919550
650 _aGestion : Organisation
_919551
653 _aManagement des organisations,
_aFonctionnement
700 _a BEBAR Jean- Michel , TREMBLAY Nathalie
_cTrad.
_919552
942 _cLIVR
999 _c49783
_d49783